|
|
|
|
| LEADER |
00000nam a22000007a 4500 |
| 005 |
20191005003048.0 |
| 007 |
cr|||| |||| |
| 008 |
191005s2019 es |||||s|||| 00||0 spa d |
| 020 |
|
|
|a 9786138977537
|
| 035 |
|
|
|a 29367
|
| 040 |
|
|
|a vLex
|
| 090 |
|
|
|c 9730
|d 9730
|
| 100 |
1 |
|
|a Gonem Machello, Graciela Nľida
|
| 245 |
1 |
0 |
|a Temas de Derecho de la Ancianidad
|h [Recurso electrn̤ico] /
|c Graciela Nľida Gonem Machello
|
| 256 |
|
|
|a Servicio en ln̕ea
|
| 260 |
|
|
|a Madrid:
|b Editorial Acadm̌ica Espaǫla,
|c 2019
|
| 300 |
|
|
|a 1 recurso electrn̤ico
|
| 500 |
|
|
|a En la actualidad la vida se ha prolongado y existen numerosos prejuicios y estereotipos en relacin̤ con las personas mayores. Entre otros aspectos, se dificulta a las mismas reestructurar su identidad, sufren discriminacin̤, violencia, marginacin̤ social, ingratitud y dificultades por recursos econm̤icos escasos. En la presente obra se incluyen dos trabajos referidos, uno al derecho a la identidad personal y el otro al derecho a trabajar. En el primero, entre otros temas, se destaca el concepto de persona en el mundo jurd̕ico y el derecho a la personalidad jurd̕ica, la dignidad de las personas mayores y los carismas propios de la vejez. Se consideran los derechos personals̕imos, y entre ellos, el derecho a la identidad personal. Se alude a la perspectiva de gňero y a las razones por las cuales no se comparte la misma. En el segundo, se mencionan las principales recomendaciones y principios internacionales referidos al derecho a trabajar de las personas mayores y se analiza el acoso psicolg̤ico en el trabajo (mobbing). Esta obra resulta de interš para abogados, socil̤ogos, especialistas en recursos humanos y en polt̕ica y para el pb︢lico en general.
|
| 506 |
1 |
|
|a Disponible solo en los productos indicados
|d vLex Global
|d vLex Global (Academic Edition, excluding Law Schools)
|d vLex Global (U.S. Academic Edition, Law Schools)
|d vLex Global (U.S. Academic Edition, excluding Law Schools)
|d vLex Global (Academic Edition, Law Schools)
|
| 650 |
0 |
4 |
|a Derecho Pb︢lico y Administrativo
|z Espaą
|
| 740 |
0 |
|
|a vLex Libros (Servicio en ln̕ea)
|
| 856 |
4 |
0 |
|u http://vlex.com/source/29367
|z Acceso restringido
|
| 942 |
|
|
|c BOOK
|
| 999 |
0 |
|
|a Public and Administrative Law
|